| 000 | 01254nam a2200397 c 4500 | ||
|---|---|---|---|
| 999 |
_c51434 _d51434 |
||
| 001 | 51434 | ||
| 003 | ES-MaCES | ||
| 005 | 20191227105044.0 | ||
| 008 | 191226s2019 sp | 000 | spa d | ||
| 017 |
_aAB 552-2019 _bDL |
||
| 020 | _a9788417310868 | ||
| 040 |
_aES-MaCES _bspa _cES-MaCES |
||
| 100 | 1 |
_911556 _aFabregat Monfort, Gemma |
|
| 245 | 1 | 4 |
_aLos planes de igualdad en la Administración Pública tras el RD-Ley 6/2019 _cGemma Fabregat Monfort |
| 250 | _a1ª ed | ||
| 260 |
_aAlbacete _bBomarzo _c2019 |
||
| 300 |
_a94 p. _c21 cm |
||
| 490 | 1 |
_aTextos de intervención _v22 |
|
| 541 | _cCompra | ||
| 650 | 4 |
_aadministración pública _927214 |
|
| 650 | 4 |
_aigualdad de oportunidades _927183 |
|
| 650 | 4 |
_aigualdad de trato _930147 |
|
| 650 | 4 |
_aempleo _928299 |
|
| 650 | 4 |
_aocupación _928402 |
|
| 650 | 4 |
_adiscriminación por razones de sexo _929521 |
|
| 650 | 7 |
_aplanificación en función del género _930645 |
|
| 650 | 7 |
_aevaluación de proyectos _926660 |
|
| 650 | 7 |
_aEspaña _926964 |
|
| 650 | 4 |
_alegislación _927153 |
|
| 650 | 7 |
_amecanismo de control _929918 |
|
| 650 | 7 |
_aaplicación _929859 |
|
| 653 | 1 | 0 | _aEmpleo |
| 830 | 0 |
_aTextos de intervención _v22 _934451 |
|
| 902 | _aLIB Libro | ||
| 942 |
_2CES _cBK _h2.1. |
||